<?xml version="1.0" encoding="UTF-8"?>
<record
    xmlns:xsi="http://www.w3.org/2001/XMLSchema-instance"
    xsi:schemaLocation="http://www.loc.gov/MARC21/slim http://www.loc.gov/standards/marcxml/schema/MARC21slim.xsd"
    xmlns="http://www.loc.gov/MARC21/slim">

  <leader>01353nam a2200301 i 4500</leader>
  <controlfield tag="001">42429</controlfield>
  <controlfield tag="003">ES-MaACL</controlfield>
  <controlfield tag="005">20250827062558.0</controlfield>
  <controlfield tag="007">t|</controlfield>
  <controlfield tag="008">030324s1848    sp       l   |||| | spa d</controlfield>
  <datafield tag="110" ind1="1" ind2=" ">
    <subfield code="a">Espa&#xF1;a</subfield>
    <subfield code="9">3622</subfield>
  </datafield>
  <datafield tag="240" ind1="1" ind2="0">
    <subfield code="a">Constituci&#xF3;n, 1845</subfield>
  </datafield>
  <datafield tag="245" ind1="1" ind2="0">
    <subfield code="a">Constituci&#xF3;n de la monarqu&#xED;a espa&#xF1;ola </subfield>
    <subfield code="b">. Ley electoral para el nombramiento de diputados a Cortes . Reglamento para el gobierno interior del Senado . Reglamento del Congreso de los Diputados y Ley de 19 de julio de 1837.</subfield>
  </datafield>
  <datafield tag="246" ind1="3" ind2="0">
    <subfield code="a">Ley electoral para el nombramiento de diputados a Cortes [de 18 de marzo de 1846]</subfield>
  </datafield>
  <datafield tag="246" ind1="3" ind2="0">
    <subfield code="a">Reglamento para el gobierno interior del Senado [de 10 de marzo de 1847]</subfield>
  </datafield>
  <datafield tag="246" ind1="3" ind2="0">
    <subfield code="a">Reglamento del Congreso de los Diputados [de marzo de 1847]</subfield>
  </datafield>
  <datafield tag="246" ind1="3" ind2="0">
    <subfield code="a">Ley de 19 de julio de 1837</subfield>
  </datafield>
  <datafield tag="260" ind1=" " ind2=" ">
    <subfield code="a">Madrid : </subfield>
    <subfield code="b">[s.n.], </subfield>
    <subfield code="c">1848 (</subfield>
    <subfield code="f">Imp. Nacional)</subfield>
  </datafield>
  <datafield tag="300" ind1=" " ind2=" ">
    <subfield code="a">35, 42, 76, 96 p. ; </subfield>
    <subfield code="c">11 cm.</subfield>
  </datafield>
  <datafield tag="500" ind1=" " ind2=" ">
    <subfield code="a">Cada obra con port. y paginaci&#xF3;n propias.</subfield>
  </datafield>
  <datafield tag="610" ind1="1" ind2="4">
    <subfield code="a">Espa&#xF1;a. </subfield>
    <subfield code="b">Cortes Generales. </subfield>
    <subfield code="b">Senado-</subfield>
    <subfield code="v">Reglamentos</subfield>
    <subfield code="9">3675</subfield>
  </datafield>
  <datafield tag="610" ind1="1" ind2="4">
    <subfield code="a">Espa&#xF1;a. </subfield>
    <subfield code="b">Cortes Generales. </subfield>
    <subfield code="b">Congreso-</subfield>
    <subfield code="v">Reglamentos.</subfield>
    <subfield code="9">3673</subfield>
  </datafield>
  <datafield tag="630" ind1="0" ind2="4">
    <subfield code="a">Ley electoral para el nombramiento de diputados a Cortes, 1846.</subfield>
    <subfield code="9">122588</subfield>
  </datafield>
  <datafield tag="650" ind1=" " ind2="4">
    <subfield code="a">Derecho electoral-</subfield>
    <subfield code="z">Espa&#xF1;a</subfield>
    <subfield code="9">11705</subfield>
  </datafield>
  <datafield tag="852" ind1=" " ind2=" ">
    <subfield code="a">ES-MaACL</subfield>
    <subfield code="j">G-13411</subfield>
  </datafield>
  <datafield tag="942" ind1=" " ind2=" ">
    <subfield code="2">udc</subfield>
  </datafield>
  <datafield tag="999" ind1=" " ind2=" ">
    <subfield code="c">42429</subfield>
    <subfield code="d">42429</subfield>
  </datafield>
  <datafield tag="952" ind1=" " ind2=" ">
    <subfield code="0">0</subfield>
    <subfield code="1">0</subfield>
    <subfield code="4">0</subfield>
    <subfield code="7">0</subfield>
    <subfield code="8">LIBXIX</subfield>
    <subfield code="a">ATENEOM</subfield>
    <subfield code="b">ATENEOM</subfield>
    <subfield code="c">SPP3</subfield>
    <subfield code="d">2008-01-17</subfield>
    <subfield code="e">SC</subfield>
    <subfield code="l">0</subfield>
    <subfield code="o">G-13411</subfield>
    <subfield code="p">1044655</subfield>
    <subfield code="r">2023-02-23 00:00:00</subfield>
    <subfield code="w">2023-02-23</subfield>
    <subfield code="y">MONANT</subfield>
  </datafield>
</record>
